000 01965nam0a2200349 4500
001 RU\NLR\BIBL_A\016208086
005 20250624233443.0
010 _z978-5-001-86-092-2
_9100
021 _aRU
_b2022-62750
_9КН-П-5437
035 _a(RuMoRGB)011210551
035 _a(NLR Aleph) 016208086
090 _a12698310
_c12698310
100 _a20221115d2022 |||y0rusy50 ca
101 0 _arus
102 _aRU
105 _aach z 000ay
181 0 _ai
_baxxe
182 0 _an
200 1 _aНам хотелось большего
_e(автопортрет инженера-геолога на фоне времени)
_fСамусь Н. А.
203 _aТекст
_bвизуальный
_cнепосредственный
210 _aВолгоград
_cСфера
_d2022
215 _a551 с.
_cил., цв. ил., портр., факс.
_d21
320 _aБиблиогр.: с. 543-550 (106 назв.)
330 _aНа собственном примере автор рассказывает о поиске жизненного пути и профессиональном совершенствовании в непростое время исторических перемен. Книга предназначается как для своих детей и внуков, так и для тех, кто ещё ищет собственный путь, глядя в будущее не только с надеждой, но и с готовностью не жалеть времени и труда для достижения поставленной цели
600 1 _aСамусь
_bН. А.
_f1939
_gНиколай Афанасьевич
_92540668
_3RU\NLR\AUTH\6601717686
675 _a94(47+57)(093.3)
_v4
686 1 _aД49д(2)Самусь
700 1 _aСамусь
_bН. А.
_f1939-
_gНиколай Афанасьевич
942 _cBOOK
980 _aNB